000 00802naa a22002657a 4500
001 BR7406478
003 BR-BrBNA
005 20240918173712.0
007 ta
008 230509b bl.||||| |||| 00| 0 por d
040 _aBR-BrBNA
_bpor
_cBiblioteca Nacional de Agricultura
041 _a(Pt)
072 _aF60
_b1900
090 _aF60 BR7406478
100 1 _aJacques, A.V.A.
245 1 _aFiliologia do crescimento de plantas forrageiras (area foliar e reservas organicas)
260 3 _aPelotas, RS (Brasil):
_c1974.
500 _aCurso de pastagens Pelotas, RS (Brasil): 1974. p. 64-73 (BR7406478-AM)F60
650 _aPLANTA FORRAGEIRA
650 _aMORFOLOGIA VEGETAL
650 _aAREA FOLIAR
650 _aCRESCIMENTO
909 _a202404
_bLucia
_c55
_dLucia Elande
942 _cAM
_2AGRIS
999 _c306287
_d306287